| 000 | 01070nam a2200241 4500 | ||
|---|---|---|---|
| 003 | OSt | ||
| 005 | 20260506075206.0 | ||
| 008 | 260506s2011 le fre u | ||
| 040 | _aLB-BrCRDP | ||
| 041 | _aFre. | ||
| 082 | 1 | _aCRDP 570.712 SV. EB12LH-SE | |
| 100 | 1 | _aYAGHI, Moustapha | |
| 110 | _aCentre National de Recherche et développement Pédagogiques | ||
| 245 | 1 | 0 |
_aSciences de la vie enseignement secondaire troisième année Séries lettres et Humanités Sociologie et Economie _cMoustapha YAGHI, Ramez CHAHINE, Pierre ZALLOUHA |
| 260 |
_aBeyrouth _bCentre de Recherche et de Développement Pédagogiques _c2013 |
||
| 300 |
_a150 p. _c19*27 cm. |
||
| 650 | 4 | _aSciences de la vie--Etude et enseignement (Secondaire EB12) -- Manuels | |
| 650 | 4 | _2Séries lettres et humanités--Sciences de la vie--Etude et enseignement (Secondaire EB12) -- Manuels | |
| 650 | 4 | _aSéries sociologie et économie--Sciences de la vie--Etude et enseignement (Secondaire EB12) -- Manuels | |
| 700 | 1 | _aCHAHINE, Ramez | |
| 700 | 1 | _aZALLOUHA, Pierre | |
| 942 |
_cBK _2ddc |
||
| 999 |
_c24505 _d24505 |
||